| 000 | 00578nam a2200181Ia 4500 | ||
|---|---|---|---|
| 003 | GCL | ||
| 008 | 140319s9999 xx 000 0 ara d | ||
| 040 |
_aGCL / _cGCL |
||
| 082 | 0 | 4 |
_aط _b796.14 _bو م |
| 100 | 1 | _aديزنى، والت | |
| 245 | 1 | 0 |
_aالعاب الاطفال / _cديزنى، والت |
| 260 |
_a[S.N] : _bمركز الاهرام للترجمة والنشر ، _c1989 |
||
| 300 | _a45 ص | ||
| 490 |
_aموسوعة جوفى الرياضية _v0 |
||
| 650 | 0 | 4 | _aالاطفال |
| 650 | 0 | 4 | _aالالعاب الرياضية للاطفال |
| 942 |
_2ddc _cBK |
||
| 999 |
_c57449 _d57449 |
||